00597 2200217 4500001002100000005001500021035002000036007000300056008004100059020001800100082001000118084001600128100001700144245006400161250001600225260004700241300003500288650002000323520002400343990001200367INLIS00000000000305120190130103929 a0010-0119000403ta190130 g 0 ind  a979-421-159-1 a302.2 a302.2 ANW i0 aANWAR,Arifin1 aIlmu Komunikasi :bSebuah Pengantar Ringkas /cANWAR,Arifin acet.1. Ed.1 aJakarta :bPT Raja Grafindo Persada,c2006 axiv; 92 hlm ;c13,5 cm x 21 cm aILMU KOMUNIKASI aBIBLIOGRAFI: hlm 79 a10152 C